Dangerous Places - Sudden Death - Statistics

General Stats
  • This quiz has been taken 60 times
  • The average score is 8 of 12
Answers on the Grid
Answers color-coded by a green-red scale on the quiz's grid according to % correct below.
Darién Gap
Lake Natron
Danakil Desert
Canada
Detroit
Snake Island (Brazil)
Sentinel Island
Port Moresby and Caracas
Comoros
North Korea
Skeleton Coast
Death Valley
Oymyakon
Sundarbans
Taj Mahal
Ireland
Wheat Field
 
Answer Stats
Answer % Correct
North Korea
87%
Death Valley
85%
Snake Island (Brazil)
85%
Danakil Desert
72%
Darién Gap
72%
Detroit
67%
Port Moresby and Caracas
67%
Sentinel Island
67%
Skeleton Coast
63%
Lake Natron
54%
Oymyakon
48%
Sundarbans
46%
No matching quizzes found
Score Distribution
Percent of People with Each Score
Percentile by Number Answered
Your Score History
You have not taken this quiz